[Event "Superettan(Kamraterna-Rockaden,Umea)"]
[Site "?"]
[Date "2017.10.20"]
[Round "1"]
[White "Lindgren, Fredrik"]
[Black "Hamark, Jesper"]
[Result "0-1"]
[WhiteElo "2244"]
[BlackElo "2328"]
[PlyCount "138"]
[SourceDate "2017.11.02"]

1. Nf3 Nf6 2. g3 g6 3. Bg2 Bg7 4. O-O O-O 5. d4 d6 6. Bg5 c6 7. Qc1 Nbd7 8. Bh6
e5 9. dxe5 dxe5 10. Nc3 Qe7 11. Qg5 Re8 12. Rad1 Nf8 13. a3 Bf5 14. Bxg7 Kxg7
15. Qc1 h6 16. Nd2 Rad8 17. Nc4 Qc5 18. Ne3 Be6 19. Rxd8 Rxd8 20. Rd1 Rd4 21.
Nb1 N8d7 22. c3 Rxd1+ 23. Qxd1 Nd5 24. Nf1 N7f6 25. Nbd2 Nb6 26. Ne3 Nfd5 27.
Ndf1 a5 28. Qd3 a4 29. Nd1 Nc4 30. Qc2 Ndb6 31. Nd2 Nxd2 32. Qxd2 Nc4 33. Qc2
Qb5 34. Bf1 Nb6 35. e4 Bc4 36. Bxc4 Nxc4 37. Kg2 Qb3 38. Qe2 b5 39. h4 h5 40.
Kh2 Qa2 41. g4 hxg4 42. Qxg4 Nxb2 43. Qe2 Qxa3 44. Nxb2 Qa2 45. h5 a3 46. h6+
Kh7 47. Qf3 Qe6 48. Nd3 a2 49. Nc5 Qe7 50. Nb3 Kxh6 51. Qe3+ Kg7 52. Na1 Qa3
53. Kg2 Kg8 54. Qg3 Qd6 55. Qg5 c5 56. Qg4 Kg7 57. Qe2 Qe6 58. f3 b4 59. cxb4
cxb4 60. Qb2 b3 61. Qxb3 Qxb3 62. Nxb3 f5 63. Kg3 Kf6 64. Kh4 g5+ 65. Kh5 g4
66. fxg4 fxe4 67. Kh6 e3 68. g5+ Kf5 69. g6 e2 0-1

[Event "Superettan(Kamraterna-Rockaden,Umea)"]
[Site "?"]
[Date "2017.10.20"]
[Round "1"]
[White "Svenn, Gosta"]
[Black "Malmstig, Erik"]
[Result "1/2-1/2"]
[WhiteElo "2322"]
[BlackElo "2290"]
[PlyCount "112"]

1. d4 Nf6 2. c4 g6 3. Nc3 Bg7 4. e4 d6 5. Nf3 O-O 6. Be2 Nbd7 7. O-O c5 8. d5
a6 9. a4 Ne8 10. Ra3 e5 11. dxe6 fxe6 12. Bg5 Bf6 13. Qd2 Ne5 14. Bxf6 Qxf6 15.
Nxe5 Qxe5 16. Qh6 Bd7 17. h4 Ng7 18. Qg5 Bc6 19. Raa1 Rf4 20. Rad1 Raf8 21. g3
Rxe4 22. Qxe5 Rxe5 23. f4 Rxe2 24. Nxe2 Nf5 25. Rd3 d5 26. g4 dxc4 27. Rc3 Nxh4
28. Rf2 e5 29. Kh2 exf4 30. Rxf4 Re8 31. Ng3 b5 32. axb5 axb5 33. g5 Nf5 34.
Nxf5 Re2+ 35. Kg3 Rg2+ 36. Kh4 gxf5 37. Rxf5 Rxb2 38. Re3 Bd7 39. Rxc5 Rd2 40.
Re7 c3 41. g6 hxg6 42. Rxc3 Kh8 43. Re5 Kg7 44. Kg5 Rg2+ 45. Kf4 Kf6 46. Rd5 b4
47. Rc7 Rg4+ 48. Kf3 Bf5 49. Rb5 Rd4 50. Rcb7 Rd3+ 51. Kf2 Rd2+ 52. Kg3 Rd3+
53. Kf2 Rd2+ 54. Kg3 Rd3+ 55. Kf2 Rd2+ 56. Kg3 Rd3+ 1/2-1/2

[Event "Superettan(Kamraterna-Rockaden,Umea)"]
[Site "?"]
[Date "2017.10.20"]
[Round "1"]
[White "Lindgren, Mats"]
[Black "Svensson, Bengt"]
[Result "1/2-1/2"]
[WhiteElo "2212"]
[BlackElo "2322"]
[PlyCount "55"]

1. e4 c5 2. c3 d5 3. exd5 Qxd5 4. d4 Nf6 5. Nf3 Nc6 6. Be3 cxd4 7. cxd4 e6 8.
Nc3 Qd6 9. a3 Be7 10. Bd3 O-O 11. Qc2 g6 12. O-O-O b5 13. Nxb5 Qd7 14. Nc3 Bb7
15. Kb1 Rfc8 16. Qa4 Nd5 17. Nxd5 Qxd5 18. h4 h5 19. Rhe1 Na5 20. Ne5 Bxh4 21.
Bd2 Nb3 22. Bc3 Bxf2 23. Be4 Qxe4+ 24. Rxe4 Bxe4+ 25. Ka2 Bd5 26. Kb1 Be4+ 27.
Ka2 Bd5 28. Kb1 1/2-1/2

[Event "Superettan(Kamraterna-Rockaden,Umea)"]
[Site "?"]
[Date "2017.10.20"]
[Round "1"]
[White "Mohammadi, Amir"]
[Black "Nygren, David"]
[Result "1/2-1/2"]
[WhiteElo "2311"]
[BlackElo "2221"]
[PlyCount "148"]

1. e4 e6 2. d4 d5 3. Nc3 Bb4 4. Nge2 dxe4 5. a3 Bxc3+ 6. Nxc3 Nc6 7. Bb5 Nge7
8. Nxe4 O-O 9. c3 Qd5 10. Bxc6 bxc6 11. Qf3 e5 12. O-O f5 13. Ng5 e4 14. Qh5 h6
15. Nh3 f4 16. Nxf4 Rxf4 17. Qe8+ Rf8 18. Qxe7 Ba6 19. Re1 Rae8 20. Qxc7 Re6
21. Be3 Qh5 22. Bf4 Qf5 23. Bg3 e3 24. fxe3 Rxe3 25. h3 Be2 26. Qxc6 Rf6 27.
Qc5 Qg6 28. Rxe2 Rxe2 29. Qc4+ Rfe6 30. Re1 Rxe1+ 31. Bxe1 Qe4 32. Bg3 Kh7 33.
Qf1 Rf6 34. Qe1 Qd3 35. h4 Rb6 36. Qf2 Qb1+ 37. Qf1 Rxb2 38. Be5 Qe4 39. Qf3
Rb1+ 40. Kh2 Qxh4+ 41. Qh3 Qxh3+ 42. gxh3 Rb3 43. d5 Rb5 44. c4 Rc5 45. Bd4
Rxc4 46. Bxa7 Ra4 47. Bb6 Rxa3 48. d6 Rd3 49. Bc7 Kg6 50. Kg2 Kf5 51. Kf2 Ke6
52. Kg2 g5 53. Kh2 h5 54. Kg2 Kf5 55. Kf2 g4 56. hxg4+ Kxg4 57. Ke2 Rd5 58. Ke3
Kf5 59. Kf3 Rd3+ 60. Ke2 Ke4 61. Kf2 h4 62. Kg2 Kf5 63. Kh2 Kg4 64. Kg2 Rd2+
65. Kh1 Kf3 66. Kg1 h3 67. Kh1 Kg4 68. Bb8 Rb2 69. Bc7 Rd2 70. Bb8 Rd1+ 71. Kh2
Kf3 72. Bc7 Kg4 73. Bb8 Rb1 74. Bc7 Rb2+ 1/2-1/2

[Event "Superettan(Kamraterna-Rockaden,Umea)"]
[Site "?"]
[Date "2017.10.20"]
[Round "1"]
[White "Larsson, Johan"]
[Black "Borvander, Tom"]
[Result "1-0"]
[WhiteElo "2184"]
[BlackElo "2145"]
[PlyCount "91"]

1. d4 Nf6 2. c4 g6 3. Nc3 Bg7 4. e4 d6 5. f3 O-O 6. Be3 c5 7. Nge2 Nc6 8. d5
Ne5 9. Ng3 e6 10. Be2 exd5 11. cxd5 h5 12. O-O Nh7 13. Qd2 Re8 14. a4 a6 15. a5
Bd7 16. Nh1 Qe7 17. Nf2 f5 18. Rfe1 Qf8 19. Bf1 Re7 20. f4 Nf7 21. e5 dxe5 22.
Bxc5 e4 23. Na4 Rd8 24. Qb4 Bf6 25. Qxb7 Bc8 26. Bxe7 Bxe7 27. Qb6 Nf6 28. Red1
Kh7 29. d6 Nxd6 30. Bxa6 e3 31. Nh3 Bxa6 32. Ng5+ Kh6 33. Ne6 Qe8 34. Nxd8 Bxd8
35. Qxd6 e2 36. Qxd8 Qe3+ 37. Kh1 exd1=Q+ 38. Rxd1 Nh7 39. Qd4 Qe2 40. Nc5 Bb5
41. Qd2 Qg4 42. Nd7 h4 43. Ne5 Qh5 44. h3 Nf6 45. Qd8 Nh7 46. Rd6 1-0

[Event "Superettan(Kamraterna-Rockaden,Umea)"]
[Site "?"]
[Date "2017.10.20"]
[Round "1"]
[White "Svenn, Matti"]
[Black "Eriksson, Jorgen"]
[Result "0-1"]
[WhiteElo "2170"]
[BlackElo "2191"]
[PlyCount "154"]

1. d4 e6 2. Nf3 d5 3. Bf4 Bd6 4. e3 Bxf4 5. exf4 Nf6 6. Nbd2 c5 7. c3 cxd4 8.
cxd4 O-O 9. Bd3 Nc6 10. O-O Qb6 11. Nb3 Bd7 12. Ne5 Rfd8 13. f5 exf5 14. Nxd7
Rxd7 15. Bxf5 Re7 16. Bg4 Nxg4 17. Qxg4 Re4 18. Qh5 Rd8 19. Nd2 Rxd4 20. Nf3
Rf4 21. Rad1 h6 22. Rxd5 Rxd5 23. Qxd5 Qxb2 24. g3 Rf6 25. Re1 Qa3 26. Re8+ Kh7
27. Kg2 Qd6 28. Qe4+ g6 29. h4 Re6 30. Rxe6 Qxe6 31. Qd3 Kg8 32. a3 Qf6 33. Qe4
Kg7 34. Qd5 Qc3 35. a4 Qf6 36. Qb3 b6 37. Qd5 Qe6 38. Qd3 Kg8 39. Kh2 Qf5 40.
Qc3 Qc5 41. Qd2 Kh7 42. Kg1 Qf5 43. Qc3 Qd5 44. Qf6 a6 45. h5 gxh5 46. Nh4 Qe6
47. Qc3 Ne7 48. Qd3+ Ng6 49. Nxg6 Qxg6 50. Qxa6 h4 51. Kh2 Qf6 52. Qd3+ Kg7 53.
Qe3 hxg3+ 54. Qxg3+ Kh7 55. Qd3+ Qg6 56. Qd4 h5 57. Kh3 Qf5+ 58. Kg3 Qb1 59.
Kh2 Qg6 60. Kh3 Qf5+ 61. Kg3 Qg5+ 62. Kh2 Kg8 63. Qxb6 Qh4+ 64. Kg2 Qg4+ 65.
Kh2 Qh4+ 66. Kg2 Qe4+ 67. Kh2 Qf4+ 68. Kg2 Qxa4 69. Qd8+ Kh7 70. Qd3+ Kg7 71.
Qc3+ f6 72. Qg3+ Kf7 73. Qc7+ Kg6 74. Qg3+ Qg4 75. Qxg4+ hxg4 76. Kg3 Kg5 77.
f3 gxf3 0-1

[Event "Superettan(Kamraterna-Rockaden,Umea)"]
[Site "?"]
[Date "2017.10.20"]
[Round "1"]
[White "Mardell, Jimmy"]
[Black "Svedberg, Hans"]
[Result "1/2-1/2"]
[WhiteElo "2130"]
[BlackElo "2009"]
[PlyCount "59"]

1. e4 d6 2. d4 Nf6 3. Nc3 e5 4. Nge2 Be7 5. h3 O-O 6. Be3 a6 7. g3 Nbd7 8. Bg2
Re8 9. O-O c6 10. Qd2 Qc7 11. g4 h6 12. Ng3 b5 13. f4 Rb8 14. fxe5 dxe5 15. Nf5
Bf8 16. d5 cxd5 17. Nxd5 Nxd5 18. exd5 Bc5 19. Rad1 Qb6 20. Bxc5 Qxc5+ 21. Kh1
Nb6 22. b3 Bxf5 23. Rxf5 Rbd8 24. Qf2 Qxf2 25. Rxf2 Rd6 26. Be4 a5 27. Rfd2 Rc8
28. Kg1 Rc3 29. Kg2 b4 30. Rf2 1/2-1/2

[Event "Superettan(Kamraterna-Rockaden,Umea)"]
[Site "?"]
[Date "2017.10.20"]
[Round "1"]
[White "Aroven, Mikael"]
[Black "Mardell, Jonas"]
[Result "1/2-1/2"]
[WhiteElo "2084"]
[BlackElo "2037"]
[PlyCount "92"]

1. c4 e5 2. Nc3 Nf6 3. e3 Bb4 4. Qc2 O-O 5. a3 Bxc3 6. Qxc3 Qe7 7. d3 d5 8. Qc2
c5 9. cxd5 Nxd5 10. Ne2 Nc6 11. Nc3 Be6 12. Be2 f5 13. Bf3 Nf6 14. Bd2 Rac8 15.
Be2 a6 16. O-O f4 17. Qa4 Qf7 18. Qd1 g5 19. Ne4 Nxe4 20. dxe4 Rcd8 21. Bh5 Qg7
22. Qe2 f3 23. gxf3 g4 24. Kh1 Rxf3 25. Rg1 Rdf8 26. Bxg4 Bxg4 27. Rxg4 Qxg4
28. Rg1 Qxg1+ 29. Kxg1 Rxf2 30. Qxf2 Rxf2 31. Kxf2 b5 32. Kf3 Kf7 33. Kg4 Kg6
34. Be1 c4 35. h3 a5 36. Kf3 h5 37. Ke2 b4 38. Kd2 Kf7 39. Kc2 Ke6 40. b3 c3
41. a4 Kd6 42. Kd3 Kc5 43. Bh4 Kb6 44. Bf6 Ka6 45. Bh4 Nb8 46. Bd8 Nc6 1/2-1/2

[Event "Superettan(Kristallen-Orgryte)"]
[Site "?"]
[Date "2017.10.20"]
[Round "1"]
[White "Andersson, Goran L"]
[Black "Eksmyr, Johan"]
[Result "1-0"]
[WhiteElo "2226"]
[BlackElo "2210"]
[PlyCount "63"]
[EventDate "2017.??.??"]

1. d4 Nf6 2. Nf3 g6 3. g3 Bg7 4. Bg2 O-O 5. c4 d5 6. O-O c6 7. Nc3 dxc4 8. a4
a5 9. e3 Nd5 10. Nd2 Nb6 11. Qe2 e5 12. dxe5 Bf5 13. e4 Be6 14. f4 Qd4+ 15. Kh1
Na6 16. Nf3 Qd7 17. Be3 Qc7 18. Ng5 Bc8 19. Qf2 c5 20. Nd5 Nxd5 21. exd5 f6 22.
d6 Qb6 23. Bd5+ Kh8 24. Nf7+ Rxf7 25. Bxf7 fxe5 26. Bxc4 Qxd6 27. Rad1 Qc7 28.
fxe5 Bf5 29. e6 Qe5 30. Qf4 Re8 31. Bb5 Nc7 32. Qxe5 1-0

[Event "Superettan(Kristallen-Orgryte)"]
[Site "?"]
[Date "2017.10.20"]
[Round "1"]
[White "Kumar, Rahul"]
[Black "Walinder, Lars"]
[Result "0-1"]
[WhiteElo "2198"]
[BlackElo "2202"]
[PlyCount "64"]

1. d4 d5 2. Bf4 c5 3. e3 Nc6 4. Nc3 cxd4 5. exd4 Bf5 6. Nf3 e6 7. Bd3 Bxd3 8.
Qxd3 Bd6 9. Bg3 Nge7 10. O-O O-O 11. Rfe1 Rc8 12. a3 Nf5 13. Be5 Nxe5 14. dxe5
Bc5 15. Re2 a6 16. Rd1 Ba7 17. Red2 Nh4 18. Nxh4 Qxh4 19. Qg3 Qh6 20. Ne2 f6
21. Nd4 Bxd4 22. Rxd4 fxe5 23. Rh4 Qf6 24. c3 e4 25. h3 Rc4 26. Rg4 b5 27. Rf1
a5 28. Qe3 b4 29. cxb4 axb4 30. Qb6 bxa3 31. bxa3 Rc3 32. a4 h5 0-1

[Event "Superettan(Kristallen-Orgryte)"]
[Site "?"]
[Date "2017.10.20"]
[Round "1"]
[White "Gamback, Bjorn"]
[Black "Hansson, Fredrik"]
[Result "0-1"]
[WhiteElo "2157"]
[BlackElo "2150"]
[PlyCount "154"]

1. c4 c5 2. Nf3 g6 3. e3 Bg7 4. d4 Nf6 5. Be2 O-O 6. O-O cxd4 7. exd4 d5 8. h3
Nc6 9. Nc3 e6 10. Bg5 Qb6 11. c5 Qxb2 12. Na4 Qb4 13. Bd2 Qa3 14. Rb1 Ne4 15.
Bc1 Qxa2 16. Rb2 Qa3 17. Bb5 Nc3 18. Qd3 Nxb5 19. Qxb5 a6 20. Qb3 Qxb3 21. Rxb3
Na5 22. Rb4 Nc4 23. Nb6 Nxb6 24. Rxb6 Ra7 25. Ba3 Bd7 26. c6 Bxc6 27. Bxf8 Kxf8
28. Ra1 Ke7 29. Kf1 Kd6 30. Ke2 Bf6 31. Kd3 Bd8 32. Rb2 f6 33. Nd2 Ra8 34. Nb3
Bb5+ 35. Ke3 b6 36. Rc2 Bc4 37. Nd2 b5 38. Rb2 Bb6 39. Nxc4+ dxc4 40. Rxb5 axb5
41. Rxa8 e5 42. Kd2 exd4 43. Rb8 Ba5+ 44. Kc1 Kc5 45. Rc8+ Kb4 46. Rc6 f5 47.
g4 Bd8 48. f4 Bh4 49. Rd6 Bf2 50. gxf5 gxf5 51. Rd5 Be3+ 52. Kd1 d3 53. Re5
Bxf4 54. Rxf5 Be3 55. Re5 Bd4 56. Rd5 Be3 57. Re5 Bb6 58. Rd5 h6 59. h4 Bf2 60.
h5 Bg3 61. Kd2 Bf4+ 62. Kd1 Ka4 63. Rf5 Bc7 64. Rd5 c3 65. Rxd3 Kb3 66. Kc1 b4
67. Rd4 Bb6 68. Re4 Bd8 69. Rg4 Bf6 70. Rg3 Bd4 71. Rf3 Kc4 72. Rg3 b3 73. Rf3
Be5 74. Kd1 Bd6 75. Rh3 c2+ 76. Kc1 Bf4+ 77. Kb2 c1=Q# 0-1

[Event "Superettan(Kristallen-Orgryte)"]
[Site "?"]
[Date "2017.10.20"]
[Round "1"]
[White "Fransson, Patrick"]
[Black "Hesselborn, Per Ove"]
[Result "1-0"]
[WhiteElo "2132"]
[BlackElo "2161"]
[PlyCount "85"]

1. d4 g6 2. e4 d6 3. c4 Bg7 4. Be3 e5 5. d5 a5 6. Nc3 Nd7 7. Qd2 f5 8. f3 Bh6
9. O-O-O Bxe3 10. Qxe3 Nc5 11. Bd3 Bd7 12. Nge2 f4 13. Qf2 Qg5 14. Bc2 Nf6 15.
Kb1 O-O 16. Nc1 Nh5 17. Nd3 b6 18. Nxc5 bxc5 19. Ba4 Bxa4 20. Nxa4 Qd8 21. Nc3
a4 22. Nb5 Nf6 23. Qh4 Ne8 24. Qxd8 Rxd8 25. Rd3 Ra8 26. Ra3 Kf7 27. Nc3 g5 28.
Kc2 Nf6 29. h3 h5 30. Rxa4 Rxa4 31. Nxa4 Rg8 32. Nc3 Ke7 33. Nb5 Kd7 34. a4 g4
35. hxg4 hxg4 36. Rh6 Ne8 37. a5 Kc8 38. a6 gxf3 39. gxf3 Rf8 40. Re6 Kb8 41.
a7+ Kb7 42. a8=Q+ Kxa8 43. Rxe8+ 1-0

[Event "Superettan(Kristallen-Orgryte)"]
[Site "?"]
[Date "2017.10.20"]
[Round "1"]
[White "Persson, Andreas"]
[Black "Anderzen, Robert"]
[Result "1-0"]
[WhiteElo "2155"]
[BlackElo "2120"]
[PlyCount "113"]

1. d4 Nf6 2. Bf4 g6 3. Nc3 d5 4. e3 Bg7 5. h4 O-O 6. h5 c5 7. Nb5 Nc6 8. hxg6
hxg6 9. Be2 a6 10. Nc3 cxd4 11. exd4 Qb6 12. Nf3 Bg4 13. Na4 Qa5+ 14. c3 Nh5
15. b4 Qd8 16. Bg5 Qd6 17. Nc5 Rab8 18. Rh4 Bc8 19. Nd3 f6 20. Be3 Bf5 21. Qd2
Bxd3 22. Bxd3 f5 23. g3 Rbe8 24. O-O-O a5 25. b5 Nb8 26. Ne5 Nd7 27. Nxg6 Qxg6
28. g4 Nhf6 29. Bxf5 Qf7 30. Qd3 Ne4 31. Bxd7 Rc8 32. Bd2 Rc7 33. Bf5 Qf6 34.
Rh2 Nxd2 35. Qxd2 Qd6 36. Rh3 e6 37. Bh7+ Kf7 38. Kb1 Ke7 39. Bc2 Kd8 40. Rh7
Qf4 41. Qe2 Re7 42. b6 Qf3 43. Qxf3 Rxf3 44. c4 Rxf2 45. cxd5 exd5 46. Bf5 Rfe2
47. Rc1 Re1 48. Rxe1 Rxe1+ 49. Kc2 Re7 50. Kd3 Bf6 51. Rh6 Rf7 52. Be6 Rf8 53.
Bxd5 Kc8 54. Rh7 Bd8 55. Bxb7+ Kb8 56. Bc6 Kc8 57. Ra7 1-0

[Event "Superettan(Kristallen-Orgryte)"]
[Site "?"]
[Date "2017.10.20"]
[Round "1"]
[White "Grimsholm, Ola"]
[Black "Naslund, Mikael"]
[Result "0-1"]
[WhiteElo "2029"]
[BlackElo "2133"]
[PlyCount "72"]

1. e4 c5 2. Nf3 Nc6 3. d4 cxd4 4. Nxd4 Nf6 5. Nc3 d6 6. Bc4 e6 7. Be3 Be7 8.
O-O O-O 9. Bb5 Qc7 10. f4 Nxd4 11. Bxd4 a6 12. Bd3 e5 13. Be3 exf4 14. Rxf4 Be6
15. Nd5 Bxd5 16. exd5 Nd7 17. Bd4 Ne5 18. Be4 Rae8 19. Qh5 g6 20. Qh6 Qd8 21.
Qh3 f5 22. Bd3 Bg5 23. Rff1 Ng4 24. Rae1 Bf6 25. c3 Bxd4+ 26. cxd4 Qf6 27. Rxe8
Qxd4+ 28. Kh1 Rxe8 29. Qg3 Re3 30. Qxd6 Qxd3 31. Qb8+ Kf7 32. Qf4 Re4 33. Qc7+
Re7 34. Qf4 Ne3 35. Rg1 Nxd5 36. Qh4 Nf6 0-1

[Event "Superettan(Kristallen-Orgryte)"]
[Site "?"]
[Date "2017.10.20"]
[Round "1"]
[White "Celander, Jesper"]
[Black "Subramanian, Aditya"]
[Result "0-1"]
[WhiteElo "2089"]
[BlackElo "2100"]
[PlyCount "86"]

1. d4 Nf6 2. Bg5 d5 3. Nd2 c5 4. Bxf6 gxf6 5. dxc5 e6 6. e3 Bxc5 7. Ngf3 Nc6 8.
a3 Bb6 9. Rc1 f5 10. c4 d4 11. exd4 Nxd4 12. c5 Nxf3+ 13. Qxf3 Bc7 14. Bb5+ Kf8
15. Qe3 Qf6 16. b4 Rg8 17. g3 h5 18. Be2 h4 19. Rc4 h3 20. f4 Qa1+ 21. Bd1 Bd7
22. Kf2 Qf6 23. Re1 Kg7 24. Bf3 Bb5 25. Rcc1 Rad8 26. Nc4 b6 27. Ne5 bxc5 28.
bxc5 Ba5 29. Red1 Ba4 30. Rd4 Rxd4 31. Qxd4 Bb5 32. Rc2 Rd8 33. Qe3 Ba4 34. Rb2
Bd1 35. Bxd1 Rxd1 36. Qf3 Qd8 37. Re2 Qd4+ 38. Qe3 Qa1 39. g4 Rg1 40. Qxh3 Bc3
41. Nc6 fxg4 42. Qh5 Qf1+ 43. Ke3 Qf3# 0-1

[Event "Superettan(Manhem-Vasteras)"]
[Site "?"]
[Date "2017.10.20"]
[Round "1"]
[White "Akesson, Ralf"]
[Black "Fendrich, David"]
[Result "0-1"]
[WhiteElo "2445"]
[BlackElo "2207"]
[PlyCount "132"]

1. d4 d6 2. Nf3 g6 3. c4 Bg7 4. Nc3 e5 5. g3 Bg4 6. dxe5 dxe5 7. Qxd8+ Kxd8 8.
Ng5 Nh6 9. Bg2 c6 10. b3 Kc7 11. Ba3 f6 12. Nge4 Nf7 13. O-O-O Nd7 14. Rd2 Bh6
15. e3 Bf8 16. Bxf8 Rhxf8 17. h3 Be6 18. Na4 b6 19. Rhd1 f5 20. Nd6 e4 21. Nxf7
Rxf7 22. Rd6 Re8 23. f4 Nb8 24. Nc3 Na6 25. Bf1 Nc5 26. R6d4 a5 27. Kc2 Rd7 28.
Rxd7+ Nxd7 29. Be2 Nf6 30. a3 Rd8 31. Rg1 Rg8 32. g4 Bf7 33. b4 axb4 34. axb4
Be6 35. g5 Ne8 36. c5 b5 37. h4 Ng7 38. Ra1 Kb7 39. Rd1 Kc7 40. Rd6 Rd8 41.
Rxd8 Kxd8 42. Nb1 Ba2 43. Nd2 Ke7 44. Kc3 Ne6 45. h5 Nc7 46. Kb2 Bf7 47. hxg6
hxg6 48. Nf1 Nd5 49. Ka3 Nc3 50. Ng3 Nd5 51. Nf1 Nc3 52. Ng3 Kd7 53. Kb2 Nd5
54. Nf1 Nxb4 55. Kc3 Nd5+ 56. Kd4 Nc7 57. Ke5 Ne6 58. Ng3 Nxc5 59. Nxf5 gxf5
60. Kxf5 b4 61. g6 Bd5 62. Kf6 b3 63. Bd1 Nd3 64. f5 Nf2 65. Bxb3 Bxb3 66. Ke5
Bd5 0-1

[Event "Superettan(Manhem-Vasteras)"]
[Site "?"]
[Date "2017.10.20"]
[Round "1"]
[White "Al Hadarani, Hatim"]
[Black "Sjodahl, Pontus"]
[Result "0-1"]
[WhiteElo "2285"]
[BlackElo "2413"]
[PlyCount "76"]

1. d4 Nf6 2. Bg5 d5 3. e3 c5 4. Bxf6 gxf6 5. Nf3 cxd4 6. exd4 Qb6 7. Nc3 e6 8.
Rb1 Bd7 9. Be2 Nc6 10. O-O Ne7 11. Re1 Bh6 12. Bd3 O-O 13. g3 Ng6 14. h4 Kh8
15. h5 Ne7 16. Ne2 Rg8 17. c3 Rg7 18. Kg2 Rag8 19. b4 Bb5 20. Bxb5 Qxb5 21. Rg1
Nf5 22. Kh2 Nd6 23. Rg2 Ne4 24. Kg1 f5 25. a4 Qe8 26. Ne5 f4 27. f3 Nxg3 28.
Nxg3 Rxg3 29. Rbb2 f5 30. Qe1 Qxh5 31. Rxg3 fxg3 32. Rg2 Bf4 33. Nd3 Qxf3 34.
Nxf4 Qxf4 35. Re2 Rg6 36. Qd1 Qf3 37. Qd2 g2 38. Re1 Qh3 0-1

[Event "Superettan(Manhem-Vasteras)"]
[Site "?"]
[Date "2017.10.20"]
[Round "1"]
[White "Miezis, Normunds"]
[Black "Akesson, Joel"]
[Result "1-0"]
[WhiteElo "2416"]
[BlackElo "2296"]
[PlyCount "79"]

1. c4 e6 2. e4 d5 3. exd5 exd5 4. d4 Bb4+ 5. Nc3 Ne7 6. Bd3 Nbc6 7. Nge2 dxc4
8. Bxc4 O-O 9. O-O Bg4 10. f3 Bf5 11. a3 Ba5 12. Be3 Bb6 13. Bf2 Qd7 14. Ba2
Rad8 15. d5 Bxf2+ 16. Rxf2 Ne5 17. Ng3 Bg6 18. Qd4 Nd3 19. Rd2 c5 20. Qe3 b5
21. Rxd3 Bxd3 22. Qxd3 c4 23. Qd4 Nxd5 24. Nh5 f6 25. Nxb5 Qxb5 26. Bxc4 Qb6
27. Qxb6 axb6 28. Nf4 Rd6 29. Nxd5 Kh8 30. a4 Rfd8 31. Rd1 h5 32. b3 Kh7 33.
Kf2 Kh6 34. Rd3 Re8 35. Ne3 Rxd3 36. Bxd3 g6 37. Nd5 Rd8 38. Bc4 Rd6 39. h4 g5
40. g3 1-0

[Event "Superettan(Manhem-Vasteras)"]
[Site "?"]
[Date "2017.10.20"]
[Round "1"]
[White "Storme, Isak"]
[Black "Landgren, Andreas"]
[Result "1-0"]
[WhiteElo "2149"]
[BlackElo "2275"]
[PlyCount "89"]

1. d4 Nf6 2. c4 g6 3. Nc3 d5 4. Bf4 Bg7 5. e3 c5 6. dxc5 Qa5 7. Rc1 dxc4 8.
Bxc4 O-O 9. Nf3 Qxc5 10. Bb3 Qa5 11. O-O Nc6 12. Qe2 Nh5 13. Bg5 Bg4 14. Nd5 e6
15. Ne7+ Nxe7 16. Bxe7 Rfe8 17. Bd6 Rac8 18. h3 Bxf3 19. Qxf3 Qb6 20. Ba3 Be5
21. Qe4 Bb8 22. Ba4 f5 23. Qb4 Qxb4 24. Bxb4 Nf6 25. Bxe8 Rxe8 26. Rfd1 Nd5 27.
Bc5 g5 28. g4 fxg4 29. hxg4 Nf6 30. Bd6 Nxg4 31. Bxb8 Rxb8 32. Rd7 Ne5 33. Re7
Nc6 34. Rxe6 Kf7 35. Rd6 Ke7 36. Rh6 Rh8 37. Rc5 Rg8 38. Rxh7+ Kd6 39. Rc1 Ne5
40. Rxb7 g4 41. Rxa7 Nf3+ 42. Kg2 Nh4+ 43. Kf1 Rf8 44. Ke2 Nf5 45. Rh1 1-0

[Event "Superettan(Manhem-Vasteras)"]
[Site "?"]
[Date "2017.10.20"]
[Round "1"]
[White "Bergstrom, Peter"]
[Black "Berggren Torell, Harald"]
[Result "1-0"]
[WhiteElo "2287"]
[BlackElo "2098"]
[PlyCount "51"]

1. e4 d6 2. d4 g6 3. Nc3 Bg7 4. Be3 a6 5. Qd2 b5 6. h4 Nf6 7. f3 h6 8. O-O-O b4
9. Nce2 a5 10. Ng3 e6 11. Bd3 Nbd7 12. Kb1 Ba6 13. N1e2 h5 14. Bg5 Qc8 15. Rhf1
Bxd3 16. cxd3 Ng8 17. Be3 Qb7 18. Rc1 Ne7 19. f4 Nf6 20. f5 Ng4 21. fxe6 fxe6
22. Bg5 Kd7 23. Rf7 Bf8 24. Rcf1 e5 25. Bxe7 Bxe7 26. Qg5 1-0

[Event "Superettan(Manhem-Vasteras)"]
[Site "?"]
[Date "2017.10.20"]
[Round "1"]
[White "Bengtsson, Jonas"]
[Black "Eriksson, Anders"]
[Result "0-1"]
[WhiteElo "2096"]
[BlackElo "2236"]
[PlyCount "88"]

1. d4 Nf6 2. c4 e6 3. Nc3 Bb4 4. e3 c5 5. Bd3 Nc6 6. Nf3 Bxc3+ 7. bxc3 d6 8.
O-O e5 9. Nd2 O-O 10. Rb1 b6 11. h3 Ba6 12. Qa4 Qc8 13. Ne4 Ne8 14. d5 Ne7 15.
Qc2 f5 16. Ng3 g6 17. f4 Nf6 18. Bd2 Qc7 19. Rf2 Rae8 20. Bf1 Nc8 21. Re1 Re7
22. Qb1 h5 23. Bd3 Rfe8 24. Rff1 exf4 25. exf4 h4 26. Rxe7 Rxe7 27. Nh1 Ne4 28.
Be1 Re8 29. Qc2 Qe7 30. Qe2 Qf6 31. Qc2 Kg7 32. Bd2 Nxd2 33. Qxd2 Qe7 34. Nf2
Qe3 35. Qxe3 Rxe3 36. Rd1 Ne7 37. a4 Kf6 38. a5 bxa5 39. Ra1 Nxd5 40. Rxa5 Nc7
41. Kf1 Ke7 42. Ra3 d5 43. Be2 dxc4 44. Ke1 Re6 0-1

[Event "Superettan(Manhem-Vasteras)"]
[Site "?"]
[Date "2017.10.20"]
[Round "1"]
[White "Jonsson, Mikael"]
[Black "Outgajjouft, Said"]
[Result "1/2-1/2"]
[WhiteElo "2250"]
[BlackElo "2026"]
[PlyCount "83"]

1. d4 d5 2. c4 c6 3. Nf3 Nf6 4. Nc3 e6 5. e3 Be7 6. b3 O-O 7. Be2 b6 8. O-O Bb7
9. Bb2 Nbd7 10. Rc1 Rc8 11. cxd5 cxd5 12. Qd3 Ne4 13. Nb5 a6 14. Rxc8 Bxc8 15.
Nc3 Bb7 16. Rc1 Qb8 17. Nd2 Nxd2 18. Qxd2 Rc8 19. Nb1 Rxc1+ 20. Bxc1 Bd6 21. g3
Qf8 22. a4 Nb8 23. Qc3 Qc8 24. Qxc8+ Bxc8 25. Ba3 Bxa3 26. Nxa3 Nc6 27. Kf1 Nb4
28. Ke1 Kf8 29. Kd2 Ke7 30. Bd3 h6 31. Nb1 Bb7 32. Nc3 Kd6 33. Ne2 Bc6 34. Nf4
Ke7 35. Be2 Bd7 36. h4 f6 37. Bg4 g5 38. Ne2 Be8 39. Nc1 Bg6 40. Be2 Kd6 41.
Kc3 a5 42. Kd2 1/2-1/2

[Event "Superettan(Manhem-Vasteras)"]
[Site "?"]
[Date "2017.10.20"]
[Round "1"]
[White "Andreasson, Vincent"]
[Black "Kretz, Johan"]
[Result "0-1"]
[WhiteElo "2006"]
[BlackElo "2234"]
[PlyCount "64"]

1. d4 Nf6 2. Bg5 d5 3. Bxf6 gxf6 4. e3 c5 5. Nc3 Nc6 6. Qd2 cxd4 7. exd4 e6 8.
Be2 f5 9. Nf3 Bd7 10. O-O Qf6 11. Qf4 Bh6 12. Qc7 Qd8 13. Qg3 Kf8 14. Rad1 Rg8
15. Qh3 Bg7 16. Rfe1 Qf6 17. Bb5 Qh6 18. Nh4 Bf6 19. Nxd5 exd5 20. Bxc6 bxc6
21. Qa3+ Kg7 22. Nf3 Kh8 23. Qd6 Be6 24. Rd3 Rg4 25. Red1 Qg7 26. g3 f4 27. h3
Rg6 28. Qxf4 Bxh3 29. Ne5 Bxe5 30. dxe5 Rg4 31. Qf3 Re4 32. Qh5 Bg4 0-1

[Event "Superettan(Vaxjo-Schack 08)"]
[Site "?"]
[Date "2017.10.20"]
[Round "1"]
[White "Renman, Nils-Gustaf"]
[Black "Solodovnichenko, Yuri"]
[Result "0-1"]
[WhiteElo "2353"]
[BlackElo "2563"]
[PlyCount "58"]

1. d4 g6 2. Nf3 Bg7 3. c4 c5 4. d5 f5 5. Nc3 Bxc3+ 6. bxc3 Qa5 7. Qc2 Nf6 8.
Bf4 d6 9. Nd2 Nbd7 10. a4 Nb6 11. e3 Bd7 12. Bd3 Nxa4 13. O-O Qxc3 14. Rxa4
Qxc2 15. Bxc2 Bxa4 16. Bxa4+ Kf7 17. e4 fxe4 18. Re1 a6 19. Nxe4 Nxe4 20. Rxe4
b5 21. Bb3 bxc4 22. Bxc4 Rhb8 23. Kf1 a5 24. Bc1 Rb1 25. Re1 Rb4 26. Ba2 Rab8
27. Re2 Rd4 28. Rc2 Rd1+ 29. Ke2 Rxc1 0-1

[Event "Superettan(Vaxjo-Schack 08)"]
[Site "?"]
[Date "2017.10.20"]
[Round "1"]
[White "Lindberg, Bengt"]
[Black "Wikstrom, Per"]
[Result "1-0"]
[WhiteElo "2386"]
[BlackElo "2195"]
[PlyCount "69"]

1. e4 e6 2. d4 d5 3. Nc3 Nf6 4. Bg5 Be7 5. e5 Nfd7 6. Bxe7 Qxe7 7. f4 a6 8. Nf3
b6 9. Bd3 c5 10. O-O Nc6 11. Kh1 Bb7 12. a3 O-O-O 13. Qe1 h5 14. b3 h4 15. h3
cxd4 16. Ne2 Nc5 17. b4 Ne4 18. Nd2 f5 19. exf6 gxf6 20. Nxe4 dxe4 21. Bxe4 f5
22. Bf3 e5 23. fxe5 Qxe5 24. Nf4 Qd6 25. Rd1 Rhe8 26. Qxh4 Re4 27. Be2 Ne5 28.
Qg5 Kb8 29. c3 d3 30. Bxd3 Rxf4 31. Qxf4 Bxg2+ 32. Kxg2 Qd5+ 33. Kh2 Ka7 34.
Be2 Ng4+ 35. Bxg4 1-0

[Event "Superettan(Vaxjo-Schack 08)"]
[Site "?"]
[Date "2017.10.20"]
[Round "1"]
[White "Rydstrom, Tom"]
[Black "Laveryd, Peter"]
[Result "1-0"]
[WhiteElo "2280"]
[BlackElo "2363"]
[PlyCount "81"]

1. e4 e6 2. d4 d5 3. Nc3 Nf6 4. e5 Nfd7 5. f4 c5 6. Nf3 Nc6 7. Be3 a6 8. Qd2 b5
9. Bd3 b4 10. Na4 c4 11. Be2 c3 12. Qd1 cxb2 13. Nxb2 Be7 14. O-O O-O 15. Kh1
Nb6 16. Bd3 f6 17. Qe2 Na5 18. Rae1 Qc7 19. exf6 Bxf6 20. Ne5 g6 21. Rf3 Ra7
22. Ref1 Bd7 23. Rg3 Be8 24. Bd2 Bxe5 25. fxe5 Rxf1+ 26. Qxf1 Nc6 27. Bh6 Qe7
28. Rf3 Bf7 29. Rf4 Qe8 30. Nd1 Nc4 31. Bxc4 dxc4 32. Ne3 Ne7 33. Qxc4 Nf5 34.
Nxf5 exf5 35. Qxb4 Ra8 36. h3 Qc6 37. Rf3 Rc8 38. Kh2 Qxc2 39. Qe7 Qc7 40. Qf6
Bc4 41. Rc3 1-0